000 01074nam a22003497a 4500
001 BR8304198
003 BR-BrBNA
005 20230928091716.0
007 ta
008 230509b bl.||||| |||| 00| 0 por d
040 _aBR-BrBNA
_bpor
_cBiblioteca Nacional de Agricultura
041 _a(Por)
072 _aF00; E70
_b0336
_b/G514
090 _ 0336 BR8304198
100 1 _aSouza, N.R.
100 1 _aLima, L.A. de
100 1 _aGomes, E.R.
100 1 _aSilva, E.C. de
100 1 _aNeves, J.F.M.
100 1 _aSampaio, A.P.
100 1 _aLins, E. de C.
110 1 _aSecretaria da Agricultura do Maranhao, Sao Luis (Brasil). Sistema Estadual de Agricultura e Abastecimento
_98265
245 1 _aSubsidios para um programa de expansao da cultura da soja no estado do Maranhao [Glycine max, producao, comercializacao, Brasil]
260 3 _aSao Luis, MA (Brasil):
_c1983.
300 _a23 p.
650 _aPRODUCAO VEGETAL
650 _aSOJA
650 _aCOMERCIALIZACAO
650 _aMARANHAO
909 _a202309
_bLucia
_c55
_dLucia Elande
942 _cBK
999 _c35121
_d35121